Library of the University of Algiers 3
Ibrahim Sultan Cheibout
شعار جامعة الجزائر 3
مكتبة جامعة الجزائر 3
إبراهيم سلطان شيبوط

مدخل إلى بحوث العمليات / (رقم التسجيلة. 44658)

تفاصيل مارك
000 -LEADER
fixed length control field 02335nam a2200253Ia 4500
003 - CONTROL NUMBER IDENTIFIER
control field Ost
005 - DATE AND TIME OF LATEST TRANSACTION
control field 20260507075454.0
008 - FIXED-LENGTH DATA ELEMENTS--GENERAL INFORMATION
fixed length control field 260507s9999||||xx |||||||||||||| ||und||
020 ## - INTERNATIONAL STANDARD BOOK NUMBER
International Standard Book Number 33000299579
040 ## - CATALOGING SOURCE
Transcribing agency fsecg
041 ## - LANGUAGE CODE
Language code of text/sound track or separate title ara
082 ## - DEWEY DECIMAL CLASSIFICATION NUMBER
Classification number 658.5
100 ## - MAIN ENTRY--PERSONAL NAME
Personal name الشمرتي، حامد سعد نور
Relator term مؤلف
245 #0 - TITLE STATEMENT
Title مدخل إلى بحوث العمليات /
Statement of responsibility, etc. حامد سعد نور الشمرتي
260 ## - PUBLICATION, DISTRIBUTION, ETC.
Place of publication, distribution, etc. عمان:
Name of publisher, distributor, etc. دار المجدلاوي,
Date of publication, distribution, etc. 2007
300 ## - PHYSICAL DESCRIPTION
Extent 520 صفحة؛
Other physical details إيضاحات ؛
Dimensions 24 سم
504 ## - BIBLIOGRAPHY, ETC. NOTE
Bibliography, etc. note بيبليوغرافيا ص.519
520 ## - SUMMARY, ETC.
Summary, etc. الفصل الاول : البرمجة الخطية : المدخل : نشأة بحوث العمليات : مسائل توضيحية : طرائق حل البرمجة الخطية : طريق السمبلكس : طريقة السمبلكس ذات المرحلتين : نظرية المقابل : الشروط الوهمية التكميلية : طريقة المسبلكس المعدلة : طريقة المسبلكس بواسطة التجزئة : طريقة المسبلكس و المتغيرات المحددة-الفصل الثانى : المبرمجة الخطية الصحيحة : المدخل : مسائل توضيحية : طرائق حل مسالة البرمج الخطية الصحيحة : البرمجة الثنائية-الفصل الثالث : البرمجة الخطية المعملية : المدخل : التغيير فى C : التغيير فى b : التغيير فى Pj : التغيير فى b و c-الفصل الرابع : مسالة النقل : المدخل : تكوين النموذج النقل : صياغة النموذج برمجة خطية : مسائل تطبيقية : ايجاد الحل الاولى حل مسألة التقل غير المتوازنة : مسألة التعظيم-الفصل الخامس : تحليل المخططات الشبكية-الفصل السادس : نظرية المباراة : المدخل : مباراة الشخصين ذات المجموع الصفرى - الفصل السابع : نظرية صفوف الانتظار : تطبيقات صفوف الانتظار
653 ## - INDEX TERM--UNCONTROLLED
Uncontrolled term ادارة اعمال
653 ## - INDEX TERM--UNCONTROLLED
Uncontrolled term ادارة تنفيذية
653 ## - INDEX TERM--UNCONTROLLED
Uncontrolled term بحوث العمليات
700 ## - ADDED ENTRY--PERSONAL NAME
Personal name الزبيدي، علي خليل
Relator term مؤلف ثانوي
942 ## - ADDED ENTRY ELEMENTS (KOHA)
Koha item type كتب
المقتنيات
Withdrawn status Lost status Source of classification or shelving scheme Damaged status Not for loan Home library Current library Date acquired Serial enumeration / chronology Inventory number Total checkouts Full call number Barcode Date last seen Price effective from Koha item type
    Dewey Decimal Classification   NOT LOAN / إعارة داخلية مكتبة كلية العلوم الإقتصادية والعلوم التجارية وعلوم التسيير مكتبة كلية العلوم الإقتصادية والعلوم التجارية وعلوم التسيير 07/05/2026 الطابق الأرضي 4467   أ/2895ن1 4467 07/05/2026 07/05/2026 كتب
    Dewey Decimal Classification   Available مكتبة كلية العلوم الإقتصادية والعلوم التجارية وعلوم التسيير مكتبة كلية العلوم الإقتصادية والعلوم التجارية وعلوم التسيير 07/05/2026 الطابق الأرضي 4468   أ/2895ن2 4468 07/05/2026 07/05/2026 كتب
    Dewey Decimal Classification   Available مكتبة كلية العلوم الإقتصادية والعلوم التجارية وعلوم التسيير مكتبة كلية العلوم الإقتصادية والعلوم التجارية وعلوم التسيير 07/05/2026 الطابق الأرضي 4469   أ/2895ن3 4469 07/05/2026 07/05/2026 كتب
    Dewey Decimal Classification   Available مكتبة كلية العلوم الإقتصادية والعلوم التجارية وعلوم التسيير مكتبة كلية العلوم الإقتصادية والعلوم التجارية وعلوم التسيير 07/05/2026 الطابق الثاني 4470   أ/2895ن4 4470 07/05/2026 07/05/2026 كتب
    Dewey Decimal Classification   Available مكتبة كلية العلوم الإقتصادية والعلوم التجارية وعلوم التسيير مكتبة كلية العلوم الإقتصادية والعلوم التجارية وعلوم التسيير 07/05/2026 الطابق الثاني 4471   أ/2895ن5 4471 07/05/2026 07/05/2026 كتب
    Dewey Decimal Classification   Available مكتبة كلية العلوم الإقتصادية والعلوم التجارية وعلوم التسيير مكتبة كلية العلوم الإقتصادية والعلوم التجارية وعلوم التسيير 07/05/2026 مكتبة بن عكنون 4472   أ/2895ن6 4472 07/05/2026 07/05/2026 كتب
    Dewey Decimal Classification   Available مكتبة كلية العلوم الإقتصادية والعلوم التجارية وعلوم التسيير مكتبة كلية العلوم الإقتصادية والعلوم التجارية وعلوم التسيير 07/05/2026 مكتبة بن عكنون 4473   أ/2895ن7 4473 07/05/2026 07/05/2026 كتب
    Dewey Decimal Classification   Available مكتبة كلية العلوم الإقتصادية والعلوم التجارية وعلوم التسيير مكتبة كلية العلوم الإقتصادية والعلوم التجارية وعلوم التسيير 07/05/2026 مكتبة بن عكنون 4474   أ/2895ن8 4474 07/05/2026 07/05/2026 كتب

موارد الويب المفتوحة


© University of Algiers 3 All Rights Reserved
|
Implemented by LECHELAH Riad